[Event "Budapest FS08 FM-C"]
[Site "Budapest"]
[Date "2005.08.08"]
[Round "3"]
[White "Ladanyi, Gyula"]
[Black "Grimonprez, Bertrand"]
[Result "1-0"]
[WhiteElo "1907"]
[BlackElo "1811"]
[PlyCount "65"]
[EventDate "2005.08.06"]
[EventType "tourn"]
[EventRounds "11"]
[EventCountry "HUN"]
[SourceTitle "CBM 107 Extra"]
[Source "ChessBase"]
[SourceDate "2005.09.01"]
[SourceVersion "1"]
[SourceVersionDate "2005.09.01"]
[SourceQuality "1"]

1. d4 f5 2. c4 Nf6 3. Nc3 g6 4. g3 Bg7 5. Bg2 0-0 6. Nf3 d6 7. 0-0 Nc6 8. d5 Ne5 9. Nxe5 dxe5 10. Bd2 Bd7 11. Qc1 Re8 12. Bh6 c6 13. Bxg7 Kxg7 14. b3 h5 15. Qe3 Qc7 16. Rad1 h4 17. Qc5 e6 18. dxc6 Bxc6 19. Nb5 Qb8 20. Bxc6 bxc6 21. Qxc6 hxg3 22. Nc7 gxh2+ 23. Kh1 Rc8 24. Nxe6+ Kf7 25. Ng5+ Kg7 26. Qg2 Rh8 27. Rd3 e4 28. Rd4 Qe5 29. Rfd1 Ng4 30. e3 Qf6 31. Nxe4 fxe4 32. Qxg4 Rh4 33. Qg3 1-0